Female Marvel Heroes by Picture #6 - Statistics

General Stats
  • This quiz has been taken 9 times
  • The average score is 6 of 16
Answer Stats
Picture Answer % Correct
Hepzibah
88%
Marrina
88%
Synapse
88%
White Fox
75%
Sabra
63%
Geiger
38%
Jackpot (Sara Ehret)
38%
Marionette
38%
Snowguard
25%
Aralune
13%
Cloud 9
13%
Diamond Lil
13%
Jazinda
13%
Mulholland
13%
Timeslip
13%
Veda
13%
No matching quizzes found
Score Distribution
Percent of People with Each Score
Percentile by Number Answered
Your Score History
You have not taken this quiz